| 000 | 02175nam a2200373Ia 4500 | ||
|---|---|---|---|
| 005 | 20150410110403.0 | ||
| 008 | 130821s1994 xx a gs mul | ||
| 040 |
_aCo-BoUCM _bspa _cAldrin Díaz (modificó) _d[Nuevo] |
||
| 041 | 0 | 0 |
_aspa _aeng _apor _afre |
| 092 | _aDVD 0120 | ||
| 245 | 1 | 0 |
_aSueño de fuga _cDirector Frank Darabont _h[DVD] |
| 246 | _aSueños de liberta | ||
| 260 |
_a[Lugar desconocido] _bCastle Rock Entertainment _c1994 |
||
| 300 |
_a1 DVD (142 minutos) _bImagen, sonido, color |
||
| 505 | _aSINOPSIS : Acusado del asesinato de su mujer, Andrew Dufresne (Tim Robbins) es enviado a la prisión de Shawshank para ser encerrado de por vida. Con el paso de los años conseguirá ganarse la confianza del director del centro y el respeto de sus compañeros presidiarios, especialmente de Red (Morgan Freeman), el jefe de la mafia de los sobornos. | ||
| 508 | _aCREDITOS : Director, Frank Darabont; Guión, Stephen King, Productor Ejecutivo, David V. Lester, Niki Marvin; Productor, Richard Francis-Bruce; Editor, Thomas Newman. | ||
| 511 | _aTim Robbins, Morgan Freeman, Bob Gunton, James Whitmore, Gil Bellows, William Sadler, Mark Rolston, Clancy Brown. | ||
| 520 | _aBasada en la novela "Rita Hayworth y la redención de Shawshank" de Stephen King. | ||
| 546 | _aAudio en Inglés. Subtítulos en Inglés, Español y Portugués. | ||
| 630 | 0 |
_aRita Hayworth y la redención de Shawshank _vVersiones cinematográficas _vDVD _94877 |
|
| 650 | 0 | 4 |
_aEntretenimiento _926487 |
| 650 | 0 | 4 |
_aLiteratura estadounidense _918653 |
| 650 | 0 | 4 |
_aNovela estadounidense _vVersiones cinematográficas _vDVD _920501 |
| 650 | 0 | 4 |
_aPelículas cinematográficas _vDVD _97903 |
| 650 | 0 | 4 |
_aPresos en el cine _vDVD _922240 |
| 650 | 0 | 4 |
_aSociología _924766 |
| 700 |
_aDarabont, Frank _968297 |
||
| 700 | 1 |
_aKing, Stephen Edwin _d1947- _968298 |
|
| 710 |
_aCastle Rock Entertainment _960264 |
||
| 710 |
_aWarner Home Video _950849 |
||
| 765 | 4 | _aThe shawshank redemption | |
| 856 | 0 | 4 |
_uhttps://www.youtube.com/watch?v=ldiSyzDVbEY _zSiga este vínculo para ver el trailer. _zTrailer tomado del canal Cristhian Bourlot vía YouTube.com |
| 942 |
_cMULTIMEDIA _2LOCAL _a18 _e1 |
||
| 999 |
_c50345 _d50345 |
||